| 000 | 00542nam a22001817a 4500 | ||
|---|---|---|---|
| 003 | CEME | ||
| 005 | 20210628210027.0 | ||
| 008 | 210210b xxu||||| |||| 00| 0 eng d | ||
| 020 | _a0-89006-338-9 | ||
| 040 | _c. | ||
| 082 | _a621.6845 WEB | ||
| 100 |
_aWebb, William _958125 |
||
| 245 | _aThe complete wireless communications professional a guide for engineers and managers | ||
| 260 |
_aBOSTON _bARTECH HOUSE _c1999 |
||
| 300 | _a404P | ||
| 650 |
_aWIRELESS COMMUNICATION SYSTEMS MOBILE COMMUNICATION SYSTEMS _977892 |
||
| 942 |
_cBK _2ddc |
||
| 999 |
_c583077 _d583077 |
||